000 00759cam a2200241 a 4500
001 4328111
005 20180202072053.0
008 880323s1988 mau b 001 0 eng
010 _a 88010433
020 _a0897891562 (pbk. : alk. paper) :
_c$14.95
020 _a0897891570 (hard : alk. paper) :
_c$39.95
040 _aDLC
_cDLC
_dDLC
041 _aeng
043 _an-us---
080 _a370.973 GIR
082 0 0 _a370.973 GIR
_219
100 1 _a47
101 _aEDU
245 1 0 _aTeachers as intellectuals :
_cHenry A. Giroux ; introduction by Paulo Freire ; foreword by Peter McLaren.
504 _aBibliography: p. 223-240.
906 _a7
_bcbc
_corignew
_d1
_eocip
_f19
_gy-gencatlg
942 _2ddc
_cBK
999 _c41643
_d41643